| 000 | 00963nam a22002652a 4500 | ||
|---|---|---|---|
| 001 | 31931 | ||
| 003 | BD-RjUL | ||
| 005 | 20211209051752.0 | ||
| 008 | 140423t1964 ne b 001 0 eng d | ||
| 035 | _a(BD-RjUL)32020 | ||
| 040 |
_aHEI _dOCL _dTOL _dEQO _dBD-RjUL _beng _cBD-RjUL |
||
| 041 | _aeng | ||
| 082 | 0 | 4 |
_a197 _bBLS 1964 |
| 090 |
_aB4231 _b.B55 |
||
| 100 | 1 |
_aBlakeley, Thomas J. _93771 |
|
| 245 | 1 | 0 |
_aSoviet philosophy : _ba general introduction to contemporary Soviet thought / |
| 260 |
_aDordrecht-Holland : _bD. Reidel, _cc1964. |
||
| 300 |
_avi, 82 p. ; _c23 cm |
||
| 490 | 1 | _aSovietica; publications of the Institute of East-European Studies, University of Fribourg/Switzerland | |
| 504 | _aIncludes bibliographical references and index. | ||
| 650 | 0 |
_aPhilosophy, Russian _911437 |
|
| 651 | 0 |
_aSoviet Union _xIntellectual life _y1917-1970. _997222 |
|
| 830 | 0 |
_aSovietica (Université de Fribourg. Ost-Europa Institut) _997227 |
|
| 942 |
_2ddc _cBK |
||
| 999 |
_c31931 _d31931 |
||